Vzťahový marketing od teoretických východísk po uplatnenie v praxi
Salvato in:
| Autore principale: | |
|---|---|
| Ente Autore: | |
| Altri autori: | , , |
| Natura: | Libro |
| Lingua: | slovacco |
| Pubblicazione: |
Bratislava
Vydavateľstvo EKONÓM
2010
|
| Soggetti: | |
| Tags: |
Nessun Tag, puoi essere il primo ad aggiungerne!!
|
MARC
| LEADER | 00000nam$a2200000$$$4500 | ||
|---|---|---|---|
| 001 | 0117004 | ||
| 005 | 20240611110336.0 | ||
| 020 | |a 978-80-225-2952-5 | ||
| 041 | 0 | |a slo | |
| 044 | |a SK | ||
| 245 | 1 | 0 | |a Vzťahový marketing |b od teoretických východísk po uplatnenie v praxi |c Zuzana Francová, Milan Oreský |
| 264 | 1 | |a Bratislava |b Vydavateľstvo EKONÓM |c 2010 | |
| 300 | |a 313 s. [18,259 AH] | ||
| 610 | 2 | 0 | |a marketing vzťahový |
| 610 | 2 | 0 | |a marketing manažment |
| 610 | 2 | 0 | |a zákazníci |
| 610 | 2 | 0 | |a vzťahy ekonomické |
| 610 | 2 | 0 | |a vzťahy medzipodnikové |
| 610 | 2 | 0 | |a vzťahy obchodné |
| 610 | 2 | 0 | |a trh spotrebiteľský |
| 610 | 2 | 0 | |a obchod |
| 610 | 2 | 0 | |a marketing mix |
| 610 | 2 | 0 | |a spotreba osobná |
| 610 | 2 | 0 | |a dodávatelia |
| 610 | 2 | 0 | |a vzťahy dodávateľsko-odberateľské |
| 610 | 2 | 0 | |a portfólio |
| 610 | 2 | 0 | |a motivácia pracovná |
| 610 | 2 | 0 | |a efektívnosť |
| 610 | 2 | 0 | |a ukazovatele ekonomické |
| 100 | 1 | |a Francová, Zuzana, 1971- | |
| 700 | 1 | |a Oreský, Milan, 1956- | |
| 700 | 1 | |a Lipianska, Júlia | |
| 700 | 1 | |a Orgonáš, Jozef, 1957- | |
| 710 | 2 | |a Ekonomická univerzita v Bratislave. Obchodná fakulta | |